[Event "Kurz-Open"]
[Site "Buchen"]
[Date "2017.09.08"]
[Round "1.1"]
[White "Dosch, Steffen"]
[Black "Gschnitzer, Adrian"]
[Result "0-1"]
[WhiteElo "1824"]
[BlackElo "2351"]
[PlyCount "32"]
[EventDate "2017.??.??"]

1. Nf3 c5 2. c4 Nf6 3. Nc3 Nc6 4. e3 e6 5. d4 d5 6. dxc5 Bxc5 7. cxd5 exd5 8.
h3 O-O 9. Be2 a6 10. O-O Qd6 11. a3 Bf5 12. b4 Bb6 13. Bb2 Bc7 14. Na4 Ne4 15.
h4 Bg4 16. g3 Nxg3 0-1

[Event "Kurz-Open"]
[Site "Buchen"]
[Date "2017.09.08"]
[Round "1.2"]
[White "Junesch, Gerhard"]
[Black "Englert, Fred"]
[Result "1-0"]
[WhiteElo "2289"]
[BlackElo "1786"]
[Annotator "RS"]
[PlyCount "88"]
[EventDate "2017.??.??"]

1. Nf3 c6 2. c4 d5 3. d4 Nf6 4. Nc3 g6 5. cxd5 cxd5 6. Bf4 Nc6 7. h3 Bg7 8. e3
O-O 9. Bd3 b6 10. O-O Bb7 11. Rc1 Rc8 12. Qe2 Nb4 13. Bb5 a6 14. a3 axb5 15.
axb4 Ba6 16. Ra1 Ra8 17. Ra3 Ne4 18. Rfa1 Nxc3 19. bxc3 Qc8 20. h4 Rd8 21. h5
e6 22. hxg6 hxg6 23. Ne5 Bb7 24. Qxb5 Rxa3 25. Rxa3 g5 26. Bg3 f6 27. Nf3 g4
28. Nd2 e5 29. Qxb6 exd4 30. Qxd4 f5 31. Qc5 Qe6 32. Ra7 Rd7 33. Bc7 Bf8 34.
Qb6 Qxb6 35. Bxb6 Bg7 36. Bd4 Bf8 37. Nb3 Kf7 38. Na5 Bc8 39. b5 Be7 40. b6 Bd6
41. b7 Bxb7 42. Rxb7 Ke6 43. Rxd7 Kxd7 44. Kf1 Bc7 {Rest nicht nachvollziehbar.
} 1-0

[Event "Kurz-Open"]
[Site "Buchen"]
[Date "2017.09.08"]
[Round "1.3"]
[White "Schnell, Franz"]
[Black "Hacker, Jonas"]
[Result "0-1"]
[WhiteElo "1776"]
[BlackElo "2276"]
[PlyCount "62"]
[EventDate "2017.??.??"]

1. d4 Nf6 2. Nf3 b6 3. Nc3 Bb7 4. Bf4 e6 5. e3 Bb4 6. Bd3 Nd5 7. Qd2 Nxf4 8.
exf4 Bxf3 9. gxf3 Qf6 10. a3 Bxc3 11. bxc3 Nc6 12. Rb1 Ne7 13. Be4 c6 14. h4
Ng6 15. Bxg6 hxg6 16. Qe3 Rh5 17. Ke2 Rf5 18. h5 gxh5 19. Rh2 g6 20. Rbh1 Rxf4
21. Rh3 Rf5 22. Rh4 c5 23. Re4 Rc8 24. Qd3 d5 25. Reh4 cxd4 26. Rxd4 Kf8 27.
Rh3 Rf4 28. Kd2 Rxd4 29. cxd4 Qf4+ 30. Kd1 Rc4 31. c3 Qd6 0-1

[Event "Kurz-Open"]
[Site "Buchen"]
[Date "2017.09.08"]
[Round "1.5"]
[White "Gruenert, Thomas"]
[Black "Feldmann, Johannes"]
[Result "0-1"]
[WhiteElo "1749"]
[BlackElo "2208"]
[PlyCount "60"]
[EventDate "2017.??.??"]

1. d4 d5 2. Nf3 Nf6 3. e3 Bf5 4. c4 c6 5. Nc3 e6 6. Bd2 h6 7. Qb3 Qb6 8. Ne5
Nbd7 9. Nxd7 Nxd7 10. c5 Qc7 11. Qa4 Be7 12. b4 O-O 13. Qb3 e5 14. Ne2 Bf6 15.
Bc3 Rfe8 16. Qb2 b6 17. Ng3 bxc5 18. Nxf5 exd4 19. Nxd4 cxb4 20. Bxb4 c5 21.
Bc3 cxd4 22. Bxd4 Rab8 23. Rc1 Rxb2 24. Rxc7 Bxd4 25. Rxd7 Bc3+ 26. Kd1 Rxf2
27. Rxd5 Rxa2 28. Bb5 Rc8 29. Rf1 Rxg2 30. Rd7 Bb2 0-1

[Event "Kurz-Open"]
[Site "Buchen"]
[Date "2017.09.08"]
[Round "1.6"]
[White "Reinhardt, Bernd"]
[Black "Damrich, Alina"]
[Result "1-0"]
[WhiteElo "2199"]
[BlackElo "1748"]
[PlyCount "45"]
[EventDate "2017.??.??"]

1. d4 Nf6 2. Bf4 g6 3. e3 d6 4. Nf3 Bg7 5. h3 c6 6. Nbd2 O-O 7. Be2 b5 8. O-O
a6 9. e4 Nbd7 10. Bh2 Re8 11. e5 dxe5 12. dxe5 Nd5 13. c4 N5b6 14. Rc1 Bb7 15.
Qb3 Nxe5 16. Bxe5 Bxe5 17. cxb5 cxb5 18. Nxe5 Qxd2 19. Qxf7+ Kh8 20. Bd3 Bd5
21. Nxg6+ hxg6 22. Qxg6 Bg8 23. Rc5 1-0

[Event "Kurz-Open"]
[Site "Buchen"]
[Date "2017.09.08"]
[Round "1.7"]
[White "Nieke, Karl-Friedrich"]
[Black "Engel, Berthold"]
[Result "0-1"]
[WhiteElo "1695"]
[BlackElo "2177"]
[PlyCount "36"]
[EventDate "2017.??.??"]

1. d4 Nf6 2. Nf3 d6 3. e3 g6 4. Be2 Bg7 5. c4 O-O 6. Nc3 c6 7. b4 Nbd7 8. a4 a5
9. b5 c5 10. Bb2 cxd4 11. exd4 Qc7 12. Qb3 Nb6 13. O-O Be6 14. d5 Bg4 15. h3
Bxf3 16. Bxf3 Qxc4 17. Qxc4 Nxc4 18. Bc1 Nd7 0-1

[Event "Kurz-Open"]
[Site "Buchen"]
[Date "2017.09.08"]
[Round "1.8"]
[White "Herbold, Manfred"]
[Black "Schumacher, Ralph"]
[Result "1-0"]
[WhiteElo "2170"]
[BlackElo "1739"]
[PlyCount "37"]
[EventDate "2017.??.??"]

1. h4 b6 2. a4 Bb7 3. a5 e6 4. e3 a6 5. axb6 cxb6 6. c4 d6 7. d4 Nd7 8. Nf3 h6
9. Nc3 g6 10. Bd3 Ne7 11. b3 Bg7 12. Ba3 Qc7 13. Rc1 Rc8 14. Be4 Nf6 15. Bxd6
Qd7 16. Ne5 Qxd6 17. Bxb7 Rc7 18. Bxa6 O-O 19. Nb5 1-0

[Event "Kurz-Open"]
[Site "Buchen"]
[Date "2017.09.08"]
[Round "1.9"]
[White "Kail, Thomas"]
[Black "Zilberman, Polina"]
[Result "0-1"]
[WhiteElo "1648"]
[BlackElo "2149"]
[PlyCount "48"]
[EventDate "2017.??.??"]

1. e4 e6 2. c4 d5 3. Nc3 d4 4. Nce2 c5 5. Nf3 Nc6 6. g3 d3 7. Nf4 Nb4 8. Bxd3
Nxd3+ 9. Nxd3 Qxd3 10. Qe2 Qxe2+ 11. Kxe2 g6 12. d3 Bg7 13. Rb1 Ne7 14. h4 Nc6
15. a3 e5 16. Be3 b6 17. b4 cxb4 18. axb4 Bg4 19. b5 Nd4+ 20. Bxd4 exd4 21.
Rbc1 O-O 22. c5 f5 23. c6 fxe4 24. dxe4 Bxf3+ 0-1

[Event "Kurz-Open"]
[Site "Buchen"]
[Date "2017.09.08"]
[Round "1.10"]
[White "Adocchio, Giampiero"]
[Black "Seeger, Alexandra"]
[Result "1-0"]
[WhiteElo "2143"]
[BlackElo "1615"]
[PlyCount "69"]
[EventDate "2017.??.??"]

1. d4 d5 2. Bf4 Nf6 3. e3 Bf5 4. c4 e6 5. Nc3 c6 6. h3 Be7 7. Qb3 Qb6 8. c5
Qxb3 9. axb3 Nbd7 10. b4 O-O 11. Nf3 Ne4 12. Be2 Nxc3 13. bxc3 a6 14. O-O f6
15. Nd2 e5 16. Bh2 Rab8 17. Nf3 Rbe8 18. c4 e4 19. Nd2 Rf7 20. b5 axb5 21. cxb5
Nf8 22. Rfb1 Bd8 23. bxc6 bxc6 24. Ra8 Bd7 25. Rbb8 Ne6 26. Bd6 g6 27. Ba6 Kg7
28. g3 Rg8 29. h4 Kh6 30. Bc8 Nc7 31. Ra7 Be8 32. Rbb7 Rgg7 33. Bf4+ g5 34.
hxg5+ fxg5 35. Be5 1-0

[Event "Kurz-Open"]
[Site "Buchen"]
[Date "2017.09.08"]
[Round "1.11"]
[White "Simon, Manuel"]
[Black "Rosenberger, Frank"]
[Result "0-1"]
[WhiteElo "1582"]
[BlackElo "2110"]
[PlyCount "50"]
[EventDate "2017.??.??"]

1. c4 e6 2. Nc3 d5 3. d4 c6 4. Nf3 Nf6 5. Bg5 dxc4 6. e4 b5 7. Be2 Be7 8. Qc2
Bb7 9. O-O Nbd7 10. Rfd1 a6 11. Rac1 O-O 12. Ne1 Re8 13. Kh1 Qc7 14. Be3 Rad8
15. f4 c5 16. Nf3 Ng4 17. Qd2 b4 18. Nb1 Bxe4 19. Rxc4 Nb6 20. Rcc1 Nd5 21. Bg1
Qxf4 22. Qxf4 Nxf4 23. Bxa6 cxd4 24. Bxd4 Bf6 25. Bxf6 Rxd1+ 0-1

[Event "Kurz-Open"]
[Site "Buchen"]
[Date "2017.09.08"]
[Round "1.12"]
[White "Link, Klaus"]
[Black "Trunk, Mika"]
[Result "0-1"]
[WhiteElo "1998"]
[BlackElo "1572"]
[PlyCount "128"]
[EventDate "2017.??.??"]

1. e4 e5 2. Nf3 Nc6 3. Bc4 Bc5 4. d4 Bxd4 5. c3 Bb6 6. Qd5 Qf6 7. Bg5 Qe6 8.
O-O Nge7 9. Qd3 Qg6 10. Bxe7 Kxe7 11. b4 d6 12. a4 a5 13. b5 Nd8 14. Nbd2 Qh5
15. Ne1 Ne6 16. Bxe6 Bxe6 17. Kh1 g5 18. Nc4 Bxc4 19. Qxc4 Qg6 20. Nc2 Qe6 21.
Qd3 Rhf8 22. Na3 f5 23. Nc4 Bc5 24. exf5 Rxf5 25. Rae1 b6 26. Nd2 Raf8 27. Ne4
h6 28. f3 h5 29. Nxc5 bxc5 30. c4 Rf4 31. Re4 Qf5 32. Rd1 g4 33. b6 gxf3 34.
Rxf4 fxg2+ 35. Kxg2 Qxd3 36. Rxd3 Rxf4 37. b7 Rf8 38. Rb3 Rb8 39. Kh3 Kf6 40.
Kh4 Kg6 41. Rb5 e4 42. Rxa5 Rxb7 43. Rb5 Ra7 44. a5 e3 45. Kg3 Kf5 46. Kf3 e2
47. Kxe2 Ke4 48. Rb3 Rxa5 49. Rh3 Ra2+ 50. Kd1 Kd4 51. Rxh5 Kxc4 52. Rh4+ Kb5
53. Rh7 c6 54. h4 Kc4 55. Rh6 d5 56. Rxc6 Kd4 57. Rg6 Rh2 58. Rg4+ Kd3 59. Rg3+
Kc4 60. Rg4+ Kb5 61. Rg5 d4 62. h5 d3 63. Rg3 c4 64. Rg5+ Kb4 0-1

[Event "Kurz-Open"]
[Site "Buchen"]
[Date "2017.09.08"]
[Round "1.13"]
[White "Ensslinger, Colin"]
[Black "Simon, Jonathan"]
[Result "0-1"]
[WhiteElo "1493"]
[BlackElo "1973"]
[Annotator "RS"]
[PlyCount "52"]
[EventDate "2017.??.??"]

1. e4 g6 2. d4 Bg7 3. c4 d6 4. Nc3 Nc6 5. Be3 e5 6. d5 Nce7 7. f4 exf4 8. Bxf4
f5 9. Qc2 fxe4 10. Nxe4 Nf6 11. Bd3 O-O 12. Ne2 Bg4 13. O-O Qd7 14. Rf2 Rae8
15. Re1 Nf5 16. N4c3 Nd4 17. Qd2 Nh5 18. Be3 Nf5 19. Bxf5 Bxf5 20. Nd4 a6 21.
Nxf5 Rxf5 22. Ref1 Ref8 23. Qc2 Rxf2 24. Rxf2 Re8 25. Qd2 {Remisangebot.} Qe7
26. Bg5 Qxg5 0-1

[Event "Kurz-Open"]
[Site "Buchen"]
[Date "2017.09.08"]
[Round "1.14"]
[White "Link, Robert"]
[Black "Lorch, Stephan"]
[Result "1-0"]
[WhiteElo "1957"]
[BlackElo "1327"]
[PlyCount "83"]
[EventDate "2017.??.??"]

1. d4 Nf6 2. Nf3 e6 3. g3 c5 4. Bg2 d5 5. c4 cxd4 6. Nxd4 Nc6 7. O-O Qb6 8.
Nxc6 bxc6 9. Nc3 Bb7 10. cxd5 cxd5 11. Be3 Qd8 12. Rc1 a6 13. Qb3 Bc6 14. Na4
Bxa4 15. Qxa4+ Qd7 16. Rc6 Be7 17. Qc2 O-O 18. Rc7 Qd8 19. Rc1 Bd6 20. Rc6 Qe7
21. Bg5 h6 22. Bxf6 gxf6 23. Qd2 Kh7 24. e4 d4 25. Qxd4 Be5 26. Qd2 Rfd8 27.
Qc2 Rd7 28. f4 Bd4+ 29. Kh1 e5 30. Bh3 Rb7 31. Bf5+ Kg7 32. Qe2 Rbb8 33. Rc7
Rxb2 34. Qg4+ Kf8 35. Rxe7 Kxe7 36. Bc8 Ra7 37. a4 Be3 38. Rd1 Bd2 39. fxe5
fxe5 40. Qf5 Bc3 41. Bxa6 Rxa6 42. Rd7+ 1-0

[Event "Kurz-Open"]
[Site "Buchen"]
[Date "2017.09.08"]
[Round "1.15"]
[White "Kail, Oliver"]
[Black "Koelle, Tobias"]
[Result "0-1"]
[WhiteElo "1445"]
[BlackElo "1953"]
[PlyCount "98"]
[EventDate "2017.??.??"]

1. e4 e5 2. Nf3 Nc6 3. Nc3 Nf6 4. d4 exd4 5. Nxd4 Bb4 6. Nde2 Nxe4 7. Bd2 Nxd2
8. Qxd2 O-O 9. O-O-O d6 10. g3 Be6 11. Kb1 Re8 12. a3 Ba5 13. Bg2 Ne5 14. f4
Nc4 15. Qd3 Ne3 16. Rdg1 Nxg2 17. Rxg2 Bh3 18. Rgg1 Bd7 19. Re1 Bc6 20. Rhg1
Bb6 21. Nd4 Qd7 22. Rgf1 Rxe1+ 23. Rxe1 Re8 24. Rxe8+ Qxe8 25. Nxc6 bxc6 26. h4
Qe3 27. Qe2 Qxe2 28. Nxe2 f5 29. c3 Kf7 30. Kc2 Kg6 31. Nd4 Bxd4 32. cxd4 Kh5
33. Kc3 Kg4 34. Kc4 Kxg3 35. d5 cxd5+ 36. Kxd5 Kxf4 37. a4 Ke3 38. b4 f4 39. a5
a6 40. Kc6 f3 41. b5 axb5 42. Kxb5 f2 43. a6 f1=Q+ 44. Kc6 Qxa6+ 45. Kxc7 Kd4
46. Kd7 Kd5 47. Ke7 Qb7+ 48. Ke8 Ke6 49. Kf8 Qf7# 0-1

[Event "Kurz-Open"]
[Site "Buchen"]
[Date "2017.09.08"]
[Round "1.17"]
[White "Erhardt, Kristian"]
[Black "Schallner, Marc"]
[Result "0-1"]
[WhiteElo "1647"]
[BlackElo "1938"]
[Annotator "RS"]
[PlyCount "90"]
[EventDate "2017.??.??"]

1. e4 e5 2. Nf3 Nc6 3. Bb5 a6 4. Ba4 Nf6 5. d3 b5 6. Bb3 Be7 7. c3 d6 8. O-O
O-O 9. Nbd2 Na5 10. Bc2 c5 11. Re1 Re8 12. Nf1 Bf8 13. d4 Bg4 14. dxc5 dxc5 15.
Qe2 Nc4 16. Ne3 Nxe3 17. Bxe3 Qc7 18. h3 Be6 19. b3 h6 20. Rad1 c4 21. b4 a5
22. a3 axb4 23. axb4 Ra2 24. Ra1 Nxe4 25. Bd2 Rxa1 26. Rxa1 Nxd2 27. Nxd2 Bd5
28. Ra5 Qc6 29. Be4 Rd8 30. Bxd5 Qxd5 31. Nf3 Bd6 32. Qd2 Bc7 33. Qxd5 Rxd5 34.
Ra8+ Kh7 35. Kf1 {Remisangebot.} e4 36. Nd4 Be5 37. Ra5 Bxd4 38. cxd4 f5 39.
Ke2 f4 40. Kd2 Rxd4+ 41. Kc3 Rd3+ 42. Kc2 Rd5 43. Ra6 Rg5 44. Rb6 Rxg2 45. Rxb5
e3 0-1

[Event "Kurz-Open"]
[Site "Buchen"]
[Date "2017.09.08"]
[Round "1.18"]
[White "Hermann, Tobias"]
[Black "Doerr, Matthias"]
[Result "1-0"]
[WhiteElo "1933"]
[BlackElo "1396"]
[PlyCount "39"]
[EventDate "2017.??.??"]

1. e4 e5 2. Nf3 Nc6 3. d4 exd4 4. Bc4 Qf6 5. O-O Bc5 6. e5 Qg6 7. Re1 Nge7 8.
Nh4 Nxe5 9. Nxg6 N5xg6 10. Nd2 d5 11. Bxd5 O-O 12. Bf3 Bd6 13. Ne4 Be5 14. Bd2
Rd8 15. Nc5 Rb8 16. Nd3 Bf6 17. g4 Nc6 18. Bg2 Nge5 19. Nxe5 Bxe5 20. Bxc6 1-0

[Event "Kurz-Open"]
[Site "Buchen"]
[Date "2017.09.08"]
[Round "1.19"]
[White "Kolb, Klaus"]
[Black "Kail, Sindy"]
[Result "0-1"]
[WhiteElo "1154"]
[BlackElo "1883"]
[PlyCount "32"]
[EventDate "2017.??.??"]

1. e4 c5 2. Nf3 d6 3. d3 Nf6 4. Be2 e6 5. O-O Be7 6. Bf4 O-O 7. h3 Nc6 8. a3 d5
9. Nbd2 Nd7 10. Re1 f5 11. e5 g5 12. Bh2 g4 13. Bf4 gxf3 14. Bxf3 Bg5 15. Bg3
f4 16. Bh2 Ndxe5 0-1

[Event "Kurz-Open"]
[Site "Buchen"]
[Date "2017.09.08"]
[Round "1.20"]
[White "Blank, Stefan"]
[Black "Roegner, Lars"]
[Result "1-0"]
[WhiteElo "1882"]
[BlackElo "1152"]
[PlyCount "63"]
[EventDate "2017.??.??"]

1. e4 e5 2. Nf3 Nc6 3. d3 Bc5 4. Be2 h6 5. O-O d6 6. c3 a6 7. b4 Ba7 8. a4 Be6
9. Na3 Nf6 10. Nc2 d5 11. exd5 Bxd5 12. c4 e4 13. cxd5 exf3 14. dxc6 fxe2 15.
Qxe2+ Qe7 16. Qf3 O-O 17. Bb2 Nh7 18. cxb7 Rab8 19. Qc6 Qd6 20. Qc3 Nf6 21. b5
axb5 22. axb5 Rxb7 23. Ba3 Nd5 24. Qc6 Rb6 25. Bxd6 Rxc6 26. bxc6 cxd6 27. Rxa7
Rc8 28. Nd4 Nb4 29. c7 Nxd3 30. Nc6 Kf8 31. Rb1 Re8 32. Rb8 1-0

[Event "Kurz-Open"]
[Site "Buchen"]
[Date "2017.09.08"]
[Round "1.21"]
[White "Elancev, Kai"]
[Black "Pepi, Lucas"]
[Result "0-1"]
[WhiteElo "1112"]
[BlackElo "1874"]
[PlyCount "112"]
[EventDate "2017.??.??"]

1. d4 Nf6 2. c4 e5 3. Nf3 e4 4. Ng5 d5 5. g3 c6 6. b3 Bb4+ 7. Bd2 Bd6 8. Bg2
O-O 9. O-O Bd7 10. f3 Re8 11. Nc3 e3 12. Bc1 h6 13. Nh3 Qc8 14. g4 h5 15. Ng5
Bf4 16. Nh3 Bd6 17. Ng5 Qc7 18. h4 hxg4 19. fxg4 Bf4 20. Nh3 Bh2+ 21. Kh1 Nxg4
22. Rf3 Bg3 23. Qg1 Bf2 24. Nxf2 exf2 25. Rxf2 Nxf2+ 26. Qxf2 dxc4 27. bxc4 Be6
28. Qe3 Qe7 29. d5 cxd5 30. cxd5 Qxh4+ 31. Kg1 Bd7 32. Qd2 Bh3 33. Bf3 Bg4 34.
Bxg4 Qxg4+ 35. Kf1 Qh3+ 36. Ke1 Qh1+ 37. Kf2 Qh2+ 38. Kf1 Re5 39. e4 Qxd2 40.
Bxd2 Nd7 41. Ke2 Rae8 42. Kd3 Nc5+ 43. Kd4 Nxe4 44. Nxe4 Rxe4+ 45. Kc5 Re2 46.
Bb4 Rb2 47. a3 Rd8 48. d6 f6 49. Re1 Rd7 50. Kd5 Kf7 51. Rc1 a5 52. Bc5 Rd2+
53. Kc4 R7xd6 54. Bxd6 Rxd6 55. Rb1 b6 56. Rb5 g5 0-1

[Event "Kurz-Open"]
[Site "Buchen"]
[Date "2017.09.08"]
[Round "1.22"]
[White "Stierle, Martin"]
[Black "Erhardt, Daniel"]
[Result "1-0"]
[WhiteElo "1866"]
[BlackElo "990"]
[PlyCount "33"]
[EventDate "2017.??.??"]

1. d4 d5 2. c4 c6 3. Nf3 Nf6 4. Nc3 g6 5. Bf4 Bg4 6. Ne5 Bg7 7. Qb3 b6 8. cxd5
cxd5 9. Nxg4 Nxg4 10. Nxd5 Bxd4 11. Qa4+ Qd7 12. Qxd4 f6 13. Nc7+ Kd8 14. Qxd7+
Nxd7 15. Nxa8 e5 16. Bd2 Kc8 17. h3 1-0

[Event "Kurz-Open"]
[Site "Buchen"]
[Date "2017.09.08"]
[Round "1.23"]
[White "Damrich, Peter"]
[Black "Herwig, Carsten"]
[Result "0-1"]
[WhiteElo "986"]
[BlackElo "1841"]
[PlyCount "62"]
[EventDate "2017.??.??"]

1. e4 c5 2. Nc3 d6 3. f4 Nf6 4. Bc4 e6 5. Nf3 a6 6. a4 Be7 7. O-O O-O 8. d3 Nc6
9. e5 dxe5 10. fxe5 Nxe5 11. Nxe5 Qd4+ 12. Kh1 Qxe5 13. Bf4 Qh5 14. Qxh5 Nxh5
15. Be3 Bd7 16. Ne4 Rac8 17. a5 Nf6 18. Nxf6+ Bxf6 19. c3 Bc6 20. Rg1 Rfd8 21.
Rad1 Bd5 22. Bxd5 Rxd5 23. d4 Rcd8 24. Rd2 cxd4 25. cxd4 Bxd4 26. Bxd4 Rxd4 27.
Rxd4 Rxd4 28. h3 Rb4 29. Rc1 f5 30. Rc8+ Kf7 31. Rc7+ Kf6 0-1

[Event "Kurz-Open"]
[Site "Buchen"]
[Date "2017.09.09"]
[Round "2.1"]
[White "Gschnitzer, Adrian"]
[Black "Link, Robert"]
[Result "1-0"]
[WhiteElo "2351"]
[BlackElo "1957"]
[PlyCount "99"]
[EventDate "2017.??.??"]

1. e4 c5 2. Nf3 e6 3. d4 cxd4 4. Nxd4 Nf6 5. Bd3 Nc6 6. Nb3 d5 7. exd5 exd5 8.
O-O Be7 9. c3 O-O 10. Bc2 Bg4 11. f3 Bh5 12. Be3 a6 13. N1d2 Qc7 14. Re1 Bd6
15. Nf1 h6 16. Nd4 Nxd4 17. Qxd4 Be5 18. Qh4 Bg6 19. Bxg6 fxg6 20. Bd4 Bd6 21.
Re6 g5 22. Qh3 Bc5 23. Rd1 g4 24. fxg4 Ne4 25. Qe3 Bxd4 26. Qxd4 Qf7 27. Re5
Qf2+ 28. Qxf2 Rxf2 29. Rxe4 Rxf1+ 30. Kxf1 dxe4 31. Rd7 Rf8+ 32. Ke2 b5 33. Ke3
Rf1 34. Rd2 Ra1 35. a3 Rh1 36. h3 Kf7 37. Kxe4 Ke6 38. Kd4 Kd6 39. c4 Rc1 40.
b3 bxc4 41. bxc4 a5 42. Rb2 Kc6 43. Rb5 Rd1+ 44. Ke5 a4 45. Rb4 Kc5 46. Rxa4
Rd2 47. Ra7 Kxc4 48. Rxg7 Rxg2 49. Rh7 Re2+ 50. Kf5 1-0

[Event "Kurz-Open"]
[Site "Buchen"]
[Date "2017.09.09"]
[Round "2.2"]
[White "Koelle, Tobias"]
[Black "Junesch, Gerhard"]
[Result "0-1"]
[WhiteElo "1953"]
[BlackElo "2289"]
[PlyCount "138"]
[EventDate "2017.??.??"]

1. d4 Nf6 2. c4 e6 3. Nc3 Bb4 4. Nf3 b6 5. Qc2 c5 6. e3 cxd4 7. exd4 Bb7 8. Bd3
O-O 9. Bg5 h6 10. Bh4 Bxf3 11. gxf3 Nc6 12. O-O-O Nxd4 13. Bh7+ Nxh7 14. Rxd4
Be7 15. Bxe7 Qxe7 16. Rhd1 Rfd8 17. Qd3 Nf8 18. Nb5 Rdc8 19. Kb1 a6 20. Nd6 Rc5
21. Rf4 f5 22. b4 Rc6 23. Rd4 Nh7 24. f4 Nf6 25. a3 Kh8 26. f3 Rc7 27. Qe3 Qf8
28. Qe5 Rc6 29. R4d2 a5 30. b5 Rc5 31. Qd4 Qe7 32. Re1 Rb8 33. Re5 Rc7 34. Kb2
Qf8 35. c5 Nd5 36. cxb6 Nxb6 37. Rc2 Rxc2+ 38. Kxc2 Nd5 39. Rxd5 exd5 40. Qxd5
Qf6 41. Qe5 Rb6 42. Qxf6 gxf6 43. Nxf5 Rxb5 44. Nxh6 Rh5 45. Ng4 Kg7 46. Kd3 f5
47. Ne3 Rxh2 48. Nxf5+ Kf6 49. Ne3 Ra2 50. Nc4 d5 51. Nb6 Rxa3+ 52. Kd4 Rxf3
53. Nxd5+ Ke6 54. Kc4 Kd6 55. Nb6 Kc6 56. Nd5 Rf1 57. f5 a4 58. f6 a3 59. Nb4+
Kb6 60. Nd5+ Ka5 61. Kb3 Rf3+ 62. Ka2 Ka4 63. Nb6+ Kb5 64. Nd5 Kc5 65. Nc7 Rxf6
66. Kxa3 Rf7 67. Ne6+ Kd5 68. Ng5 Rg7 69. Nf3 Rg3 0-1

[Event "Kurz-Open"]
[Site "Buchen"]
[Date "2017.09.09"]
[Round "2.3"]
[White "Hacker, Jonas"]
[Black "Wambach, Juergen"]
[Result "1-0"]
[WhiteElo "2276"]
[BlackElo "1948"]
[PlyCount "81"]
[EventDate "2017.??.??"]

1. e4 c5 2. Nf3 e6 3. d4 cxd4 4. Nxd4 a6 5. c4 Qc7 6. Nc3 Nf6 7. Be2 b6 8. Be3
Bb7 9. f3 Nc6 10. Nxc6 dxc6 11. c5 b5 12. b4 Be7 13. f4 e5 14. f5 h6 15. g4 Nh7
16. h4 Qd8 17. Qxd8+ Bxd8 18. O-O-O O-O 19. Kb2 Re8 20. Rd7 Re7 21. Rd2 Rc7 22.
Bd1 Kf8 23. Rg2 f6 24. Bb3 Be7 25. Kc2 Rd8 26. g5 fxg5 27. hxg5 Bxg5 28. Bxg5
Nxg5 29. Rxg5 hxg5 30. Rh8+ Ke7 31. f6+ Kxf6 32. Rxd8 g4 33. Kd3 Kg5 34. Ke3
Bc8 35. Ne2 g3 36. Nxg3 Kg4 37. Rxc8 Rxc8 38. Be6+ Kxg3 39. Bxc8 g5 40. Bxa6
Kg2 41. Bxb5 1-0

[Event "Kurz-Open"]
[Site "Buchen"]
[Date "2017.09.09"]
[Round "2.4"]
[White "Feldmann, Johannes"]
[Black "Schallner, Marc"]
[Result "1-0"]
[WhiteElo "2208"]
[BlackElo "1938"]
[PlyCount "43"]
[EventDate "2017.??.??"]

1. d4 d5 2. c4 c6 3. Nf3 Nf6 4. Nc3 dxc4 5. e3 b5 6. a4 Ba6 7. axb5 cxb5 8. Ne5
e6 9. Qf3 b4 10. Qxa8 bxc3 11. bxc3 Bd6 12. Qxa7 O-O 13. Rxa6 Nxa6 14. Qxa6
Bxe5 15. dxe5 Ng4 16. Be2 Nxe5 17. O-O Qd5 18. Rd1 Qe4 19. Qb6 Qc2 20. Qb2 Qa4
21. Rd4 Nd3 22. Bxd3 1-0

[Event "Kurz-Open"]
[Site "Buchen"]
[Date "2017.09.09"]
[Round "2.5"]
[White "Kail, Sindy"]
[Black "Reinhardt, Bernd"]
[Result "1/2-1/2"]
[WhiteElo "1883"]
[BlackElo "2199"]
[PlyCount "77"]
[EventDate "2017.??.??"]

1. e4 d6 2. d4 Nf6 3. Nc3 Nbd7 4. Be3 e5 5. f3 Be7 6. Qd2 c6 7. Nge2 b5 8. d5
Bb7 9. dxc6 Bxc6 10. Ng3 b4 11. Nb5 Qb8 12. Nxa7 Rxa7 13. Bxa7 Qxa7 14. Nf5 g6
15. Nxd6+ Kf8 16. Bc4 h6 17. O-O-O Kg7 18. Nxf7 Rh7 19. h4 Bc5 20. Kb1 Ba4 21.
Nd8 Nf8 22. g4 Qe7 23. g5 N6d7 24. Qd5 Rh8 25. Nf7 Nb6 26. Qxe5+ Qxe5 27. Nxe5
hxg5 28. b3 Be8 29. hxg5 Rxh1 30. Rxh1 Bd6 31. Ng4 Nxc4 32. bxc4 Bf7 33. Rd1
Bc5 34. Ne5 Be6 35. Rd8 Be3 36. Nc6 Bxg5 37. Rd6 Kf7 38. Nxb4 Be7 39. Rb6
1/2-1/2

[Event "Kurz-Open"]
[Site "Buchen"]
[Date "2017.09.09"]
[Round "2.6"]
[White "Engel, Berthold"]
[Black "Hermann, Tobias"]
[Result "1/2-1/2"]
[WhiteElo "2177"]
[BlackElo "1933"]
[PlyCount "43"]
[EventDate "2017.??.??"]

1. e4 e5 2. Nf3 Nc6 3. Bb5 a6 4. Bxc6 dxc6 5. d4 exd4 6. Qxd4 Qxd4 7. Nxd4 Bd7
8. Be3 O-O-O 9. Nd2 Bd6 10. O-O-O Ne7 11. f4 f6 12. Rde1 Ng6 13. g3 Rhe8 14.
N4f3 c5 15. Bf2 b5 16. Re2 Re7 17. Rhe1 Rde8 18. Kd1 Bc6 19. f5 Ne5 20. Nxe5
Rxe5 21. g4 h6 22. Bg3 1/2-1/2

[Event "Kurz-Open"]
[Site "Buchen"]
[Date "2017.09.09"]
[Round "2.7"]
[White "Pepi, Lucas"]
[Black "Herbold, Manfred"]
[Result "1-0"]
[WhiteElo "1874"]
[BlackElo "2170"]
[PlyCount "89"]
[EventDate "2017.??.??"]

1. e4 Nc6 2. Nf3 Nf6 3. e5 Ng4 4. d4 d6 5. h3 Nh6 6. Bxh6 gxh6 7. exd6 Qxd6 8.
c3 Bg7 9. Nbd2 Bf5 10. Nc4 Qd7 11. d5 Nd8 12. Nce5 Bxe5 13. Nxe5 Qd6 14. f4 c6
15. dxc6 bxc6 16. Qa4 f6 17. Rd1 Qc5 18. Nf3 Rb8 19. Qd4 Ne6 20. Qxc5 Nxc5 21.
Nd4 Be4 22. b3 Rg8 23. Kf2 a5 24. Rg1 e5 25. fxe5 fxe5 26. Nf3 Rf8 27. Ke3 Rf5
28. Be2 Ke7 29. g4 Rf6 30. Nxe5 Re6 31. Kd4 Bc2 32. Rde1 Nxb3+ 33. axb3 Rd8+
34. Kc4 Rxe5 35. Rgf1 Rd2 36. Bf3 Bd3+ 37. Kd4 Bxf1+ 38. Kxe5 Bxh3 39. Rh1 Bg2
40. Rh2 Bxf3 41. Rxd2 Bxg4 42. Rd6 Bf3 43. Rxh6 Bd5 44. Rxh7+ Bf7 45. Rxf7+ 1-0

[Event "Kurz-Open"]
[Site "Buchen"]
[Date "2017.09.09"]
[Round "2.8"]
[White "Zilberman, Polina"]
[Black "Blank, Stefan"]
[Result "1-0"]
[WhiteElo "2149"]
[BlackElo "1882"]
[PlyCount "75"]
[EventDate "2017.??.??"]

1. d4 Nf6 2. Nf3 g6 3. Bg5 Bg7 4. Nbd2 O-O 5. e4 d6 6. c3 c6 7. Bd3 Qe8 8. O-O
h6 9. Bh4 Nh5 10. e5 dxe5 11. Nxe5 Nf4 12. Bc4 Bxe5 13. dxe5 Be6 14. Bxe6 fxe6
15. Bg3 Nd5 16. Qg4 Rf5 17. c4 Nb6 18. Nf3 h5 19. Qe4 g5 20. h4 gxh4 21. Nxh4
Rg5 22. b3 N8d7 23. Qe3 Rg7 24. f4 Qf7 25. f5 Nf8 26. Kh2 Nbd7 27. Rad1 Nb6 28.
Rd4 exf5 29. Rxf5 Qe6 30. Rxh5 Ng6 31. Nf5 Rf8 32. Nxg7 Kxg7 33. Qh6+ Kf7 34.
Qh7+ Ke8 35. Rh6 Rg8 36. Rg4 Rh8 37. Qxh8+ Nxh8 38. Rxe6 1-0

[Event "Kurz-Open"]
[Site "Buchen"]
[Date "2017.09.09"]
[Round "2.9"]
[White "Herwig, Carsten"]
[Black "Adocchio, Giampiero"]
[Result "0-1"]
[WhiteElo "1841"]
[BlackElo "2143"]
[PlyCount "32"]
[EventDate "2017.??.??"]

1. e4 e6 2. d4 d5 3. e5 c5 4. c3 Nc6 5. Nf3 Bd7 6. a3 f6 7. Bd3 fxe5 8. Nxe5
Nxe5 9. dxe5 Ne7 10. Bg5 Qc7 11. Qh5+ g6 12. Bxg6+ Nxg6 13. Bf6 Rg8 14. Qxh7
Ne7 15. Bxe7 Qxe5+ 16. Kf1 Bb5+ 0-1

[Event "Kurz-Open"]
[Site "Buchen"]
[Date "2017.09.09"]
[Round "2.10"]
[White "Rosenberger, Frank"]
[Black "Stierle, Martin"]
[Result "1/2-1/2"]
[WhiteElo "2110"]
[BlackElo "1866"]
[PlyCount "34"]
[EventDate "2017.??.??"]

1. e4 e6 2. d4 d5 3. Nc3 Bb4 4. exd5 Qxd5 5. Nf3 Nf6 6. Bd2 Qd8 7. Bd3 Nc6 8.
Ne2 Be7 9. c3 O-O 10. Ng3 e5 11. Be3 exd4 12. Nxd4 Nxd4 13. Bxd4 Qd5 14. O-O
Be6 15. Qc2 g6 16. Ne4 Nh5 17. Rfd1 f5 1/2-1/2

[Event "Kurz-Open"]
[Site "Buchen"]
[Date "2017.09.09"]
[Round "2.11"]
[White "Simon, Jonathan"]
[Black "Nettelbeck, Jann"]
[Result "1-0"]
[WhiteElo "1973"]
[BlackElo "1815"]
[PlyCount "47"]
[EventDate "2017.??.??"]

1. d4 Nf6 2. Nf3 d5 3. c4 e6 4. Nc3 dxc4 5. e4 c6 6. Bxc4 Bb4 7. Qc2 c5 8. a3
Bxc3+ 9. bxc3 cxd4 10. cxd4 Nc6 11. Bb2 Qa5+ 12. Bc3 Qh5 13. O-O Ne7 14. Bb4
Bd7 15. Rfe1 a5 16. Bc5 Rc8 17. Rab1 Bc6 18. Bxe7 Kxe7 19. d5 b5 20. Nd4 Nxd5
21. Be2 Qg6 22. Nxc6+ Kf8 23. Qc5+ Kg8 24. exd5 1-0